Introducción a la pedagogía / (Record no. 184087)

MARC details
000 -LEADER
campo de control de longitud fija 00925nam a2200253 i 4500
001 - NÚMERO DE CONTROL
campo de control 184087
003 - IDENTIFICADOR DE NÚMERO DE CONTROL
campo de control ES-MaACL
005 - FECHA Y HORA DE LA ÚLTIMA TRANSACCIÓN
campo de control 20250828004914.0
008 - DATOS DE LONGITUD FIJA--INFORMACIÓN GENERAL
campo de control de longitud fija 150312s1972 sp d |||| ||spa d
080 ## - NÚMERO DE LA CLASIFICACIÓN DECIMAL UNIVERSAL
Número de la Clasificación Decimal Universal 37.01
245 00 - MENCIÓN DEL TÍTULO
Título Introducción a la pedagogía /
Mención de responsabilidad, etc. Francine Best ... [et al.] ; versión castellana de Prudenci Comes.
250 ## - MENCION DE EDICION
Mención de edición 1ª ed. en lengua castellana.
260 ## - PUBLICACIÓN, DISTRIBUCIÓN, ETC.
Lugar de publicación, distribución, etc. Barcelona :
Nombre del editor, distribuidor, etc. Oikos-Tau,
Fecha de publicación, distribución, etc. 1972.
300 ## - DESCRIPCIÓN FÍSICA
Extensión 231 p. ;
Dimensiones 20 cm.
490 1# - MENCIÓN DE SERIE
Mención de serie Tratado de ciencias pedagógicas ;
Designación de volumen o secuencia 1
504 ## - NOTA DE BIBLIOGRAFÍA, ETC.
Nota de bibliografía, etc. Referencias bibliográficas.
598 ## - NOTA LOCAL
Nota local Tratado de ciencias pedagógicas / bajo la dirección de Maurice Debesse y Gaston Mialaret.
650 07 - PUNTO DE ACCESO ADICIONAL DE MATERIA--TÉRMINO DE MATERIA
Término de materia o nombre geográfico como elemento de entrada Pedagogía
Fuente del encabezamiento o término embne
9 (RLIN) 15904
700 1# - ENTRADA AGREGADA--NOMBRE PERSONAL
Nombre de persona Best, Francine.
9 (RLIN) 156552
700 1# - ENTRADA AGREGADA--NOMBRE PERSONAL
Nombre de persona Comes, Prudenci.
9 (RLIN) 39997
830 0# - PUNTO DE ACCESO ADICIONAL DE SERIE-TÍTULO UNIFORME
Título uniforme Tratado de ciencias pedagógicas ;
Designación de volumen o secuencia 1
9 (RLIN) 192029
852 ## - LOCALIZACIÓN
Ubicación ES-MaACL
Número de control de estantería E-15483
Nota libre . - enc. cart.
Holdings
Estatus retirado Estado de pérdida Estado de daño No para préstamo Biblioteca de origen Biblioteca actual Ubicación en estantería Fecha de adquisición Fuente de adquisición Total de préstamos Signatura topográfica completa Código de barras Visto por última vez Precio de reemplazo Tipo de ítem Koha
        Biblioteca del Ateneo de Madrid Biblioteca del Ateneo de Madrid Depósito 2 12/03/2015     E-15483 1193598 23/02/2023 23/02/2023 Libro impreso